<?xml version="1.0" encoding="UTF-8"?>
<collection xmlns="http://www.loc.gov/MARC21/slim">
 <record>
  <leader>01164nam a22002657a 4500</leader>
  <controlfield tag="001">19188</controlfield>
  <controlfield tag="003">BD-DhAAL</controlfield>
  <controlfield tag="008">230622r20011998ii ||||| |||| 00| 0 ben d</controlfield>
  <datafield tag="040" ind1=" " ind2=" ">
   <subfield code="a">BD-DhAAL</subfield>
   <subfield code="c">BD-DhAAL</subfield>
  </datafield>
  <datafield tag="041" ind1=" " ind2=" ">
   <subfield code="a">ben</subfield>
  </datafield>
  <datafield tag="082" ind1=" " ind2=" ">
   <subfield code="a">782.14092</subfield>
   <subfield code="2">23</subfield>
  </datafield>
  <datafield tag="100" ind1=" " ind2=" ">
   <subfield code="a">চক্রবর্তী, সুধীর.</subfield>
   <subfield code="9">54863</subfield>
  </datafield>
  <datafield tag="245" ind1=" " ind2=" ">
   <subfield code="a">লালন /</subfield>
   <subfield code="c">সুধীর চক্রবর্তী.</subfield>
  </datafield>
  <datafield tag="260" ind1=" " ind2=" ">
   <subfield code="a">কলকাতা :</subfield>
   <subfield code="b">প্যাপিরাস,</subfield>
   <subfield code="c">১৯৯৮ [দ্বিতীয় সংস্করণ ২০০১].</subfield>
  </datafield>
  <datafield tag="300" ind1=" " ind2=" ">
   <subfield code="a">৫১ পৃষ্ঠা ;</subfield>
   <subfield code="c">১৮ সে.মি.</subfield>
  </datafield>
  <datafield tag="541" ind1=" " ind2=" ">
   <subfield code="e">19188</subfield>
  </datafield>
  <datafield tag="600" ind1=" " ind2=" ">
   <subfield code="a">Shah, Lalon,</subfield>
   <subfield code="d">1774-1890.</subfield>
   <subfield code="9">51989</subfield>
  </datafield>
  <datafield tag="650" ind1=" " ind2=" ">
   <subfield code="a">Poets, Bengali</subfield>
   <subfield code="y">19th century</subfield>
   <subfield code="x">Biography.</subfield>
  </datafield>
  <datafield tag="650" ind1=" " ind2=" ">
   <subfield code="a">Bauls</subfield>
   <subfield code="z">Bangladesh</subfield>
   <subfield code="x">Biography.</subfield>
   <subfield code="9">54864</subfield>
  </datafield>
  <datafield tag="650" ind1=" " ind2=" ">
   <subfield code="a">Lyricists</subfield>
   <subfield code="z">Bangladesh</subfield>
   <subfield code="v">Biography.</subfield>
   <subfield code="9">54861</subfield>
  </datafield>
  <datafield tag="650" ind1=" " ind2=" ">
   <subfield code="a">Folk singers</subfield>
   <subfield code="z">Bangladesh</subfield>
   <subfield code="v">Biography.</subfield>
   <subfield code="9">54840</subfield>
  </datafield>
  <datafield tag="852" ind1=" " ind2=" ">
   <subfield code="a">Ayesha Abed Library</subfield>
   <subfield code="c">General Stacks</subfield>
  </datafield>
  <datafield tag="942" ind1=" " ind2=" ">
   <subfield code="2">ddc</subfield>
   <subfield code="c">BK</subfield>
  </datafield>
  <datafield tag="999" ind1=" " ind2=" ">
   <subfield code="c">45921</subfield>
   <subfield code="d">45921</subfield>
  </datafield>
  <datafield tag="952" ind1=" " ind2=" ">
   <subfield code="0">0</subfield>
   <subfield code="1">0</subfield>
   <subfield code="2">ddc</subfield>
   <subfield code="4">0</subfield>
   <subfield code="6">782_140920000000000_CHA</subfield>
   <subfield code="7">0</subfield>
   <subfield code="9">73857</subfield>
   <subfield code="a">BIGD</subfield>
   <subfield code="b">BIGD</subfield>
   <subfield code="c">GEN</subfield>
   <subfield code="d">2023-06-22</subfield>
   <subfield code="g">33.00</subfield>
   <subfield code="l">0</subfield>
   <subfield code="o">782.14092 CHA</subfield>
   <subfield code="p">3050019188</subfield>
   <subfield code="r">2023-06-22</subfield>
   <subfield code="t">1</subfield>
   <subfield code="w">2023-06-22</subfield>
   <subfield code="y">BK</subfield>
   <subfield code="x">Transferred from BDI to BIGD ; Rs 25.00</subfield>
  </datafield>
 </record>
</collection>
